|
|
แสดงรายละเอียดบรรณานุกรม |
|
|
Brief Record
: Get Marc (ISO 2709)
: E-mail record
: |
| LEADER 00000nam 2200000uu 4500 | |||
| 001 209955 | |||
| 003 ULIBM | |||
| 008 140612s2555||||th 000 0 tha d | |||
| 020 ^a9789742259549 | |||
| 041 0 ^atha | |||
| 060 4 ^aWA540.JT3 ข226ก 2555 | |||
| 100 0 ^aขนิษฐา นันทบุตร และคณะ | |||
| 245 00 ^aกรอบกระบวนการวิจัยชุมชนสู่ตำบลสุขภาวะ/^bขนิษฐา นันทบุตร และคณะ. | |||
| 250 ^aพิมพ์ครั้งที่ 3 | |||
| 260 ^aขอนแก่น : ^bคณะพยาบาลศาสตร์ มหาวิทยาลัยขอนแก่น,^c2555. | |||
| 300 ^a172 หน้า ;^bภาพประกอบ. | |||
| 650 4 ^aกระบวนการวิจัยชุมชน | |||
| 700 0 ^aขนิษฐา นันทบุตร | |||
| 710 2 ^aมหาวิทยาลัยขอนแก่น. คณะพยาบาลศาสตร์ | |||
| 999 ^aใช้งานได้ทุกระบบ | |||
| คุณยังไม่ได้ล็อกอิน คุณสามารถมีกิจกรรมร่วมกับเว็บไซต์ได้ แต่ต้องล็อกอินก่อน :: |
|
| สถานะ | |||||||||
| 1. | หนังสือทั่วไป สถานะ=หนังสือเก่า - บริการ ณ ห้องสมุด (ห้องเหลือง) | WA540.JT3 ข226ก 2555 | On Shelf ขอยืม | ||||||
| [แสดง 1/1 รายการ] | |||||||||
BibComment |
| คอมเมนท์ทรัพยากรรายการนี้ |
|
|